| Tag |
First Indicator |
Second Indicator |
Subfields |
| LEADER |
00000cam a2200000 i 4500 |
| 001 |
in00000596017 |
| 005 |
20151014165018.0 |
| 008 |
760730s1976 ne a b 10110 eng |
| 010 |
|
|
|a 76028536
|
| 020 |
|
|
|a 0720405955
|
| 035 |
|
|
|a (OCoLC)02388408
|
| 035 |
|
|
|9 ACS4465AM
|
| 040 |
|
|
|a DLC
|c DLC
|d CHS
|d TXA
|d UtOrBLW
|
| 049 |
|
|
|a TXAM [Also in] [Med Sci] [QH] [600] [K43c] [1976]
|c 1 [1437850]
|
| 050 |
0 |
0 |
|a QH600
|b .K48 1976
|
| 060 |
|
0 |
|a QH 600 K43c 1976
|
| 082 |
0 |
|
|a 574.8/732
|
| 111 |
2 |
|
|a Kew Chromosome Conference
|d (1976 :
|c Kew, Eng.)
|
| 245 |
1 |
0 |
|a Current chromosome research :
|b proceedings of the Kew Chromosome Conference held at the Jodrell Laboratory, the Royal Botanic Gardens, Kew, England, July 1st-3rd, 1976 /
|c editors, K. Jones and P. E. Brandham.
|
| 264 |
|
1 |
|a Amsterdam ;
|a New York :
|b North-Holland Pub. Co. ;
|c 1976.
|
| 264 |
|
2 |
|a New York :
|b Sole distributors for the U.S.A. and Canada, Elsevier/North Holland,
|
| 300 |
|
|
|a xv, 240 pages :
|b illustrations ;
|c 25 cm.
|
| 336 |
|
|
|a text
|b txt
|2 rdacontent
|
| 337 |
|
|
|a unmediated
|b n
|2 rdamedia
|
| 338 |
|
|
|a volume
|b nc
|2 rdacarrier
|
| 500 |
|
|
|a Includes bibliographical references and indexes.
|
| 650 |
|
0 |
|a Chromosomes
|v Congresses.
|
| 650 |
|
2 |
|a Chromosomes
|x Congresses.
|
| 700 |
1 |
|
|a Jones, K.
|
| 700 |
1 |
|
|a Brandham, P. E.
|
| 710 |
2 |
|
|a Jodrell Laboratory.
|
| 999 |
|
|
|a MARS
|
| 999 |
f |
f |
|s 3aefb9f3-1931-3240-9b34-8ab9d8012898
|i 0564201b-6861-339f-ad53-2c2a6e035f4a
|t 0
|
| 952 |
f |
f |
|p ric
|a Texas A&M University
|b Rellis Campus
|c Joint Library Facility
|d Remote Storage
|t 0
|e QH600 .K48 1976
|h Library of Congress classification
|i unmediated -- volume
|m A14804864699
|
| 998 |
f |
f |
|a QH600 .K48 1976
|t 0
|l Remote Storage
|